[Event "Bunratty Masters 2020"]
[Site "Bunratty IRL"]
[Date "2020.02.23"]
[Round "5.19"]
[White "Connell, Blair"]
[Black "Fox, Anthony"]
[Result "0-1"]
[WhiteElo "2238"]
[BlackElo "2001"]
[BlackICU "1968"]
[BlackClub "Dun Laoghaire"]
[WhiteNationality "ENG"]
[BlackNationality "IRL"]
[WhiteFideId "403725"]
[BlackFideId "2500736"]
[PlyCount "56"]
[EventDate "2020.02.21"]

{ Event information: <a
href="http://www.irlchess.com/bunratty2020_allfiles/pairings_bunratty2020.html">Tournament
report</a>. }

1. e4 e5 2. Nf3 Nc6 3. Nc3 Nf6 4. a3 d5 5. exd5 Nxd5 6. Nxe5 Nxe5 7. Qe2 f6
8. Nxd5 Qxd5 9. f4 Bg4 10. Qe3 Bc5 11. c4 Bxe3 12. cxd5 Bxf4 13. d4 Ng6 14.
Bd3 Bd6 15. O-O O-O 16. h3 Bd7 17. Bd2 Rae8 18. Rac1 Ne7 19. Bc4 Nf5 20.
Rc3 Nxd4 21. Be3 Nf5 22. Bf2 a6 23. g4 Ne7 24. Ba2 Kh8 25. b4 Ng6 26. Bc5
Bb5 27. Rf2 Re1+ 28. Kg2 Nh4# 0-1

[Event "Bunratty Masters 2020"]
[Site "Bunratty IRL"]
[Date "2020.02.23"]
[Round "5.20"]
[White "Ireland, David"]
[Black "Vogel, Constantin"]
[Result "0-1"]
[WhiteElo "1969"]
[BlackElo "2129"]
[BlackICU "1993"]
[BlackClub "St. Benildus"]
[WhiteNationality "ENG"]
[BlackNationality "GER"]
[WhiteFideId "413178"]
[BlackFideId "12960071"]
[PlyCount "70"]
[EventDate "2020.02.21"]

{ Event information: <a
href="http://www.irlchess.com/bunratty2020_allfiles/pairings_bunratty2020.html">Tournament
report</a>. }

1. d4 Nf6 2. c4 e6 3. g3 c5 4. d5 exd5 5. cxd5 b5 6. Bg2 d6 7. e4 Bb7 8.
Ne2 g6 9. b3 Bg7 10. Bb2 O-O 11. Nd2 Re8 12. O-O Nbd7 13. h3 Nb6 14. Kh2 a5
15. a3 Ba6 16. Re1 b4 17. axb4 axb4 18. Nf4 Ng4+ 19. Qxg4 Bxb2 20. Rad1 Bd4
21. Qf3 Qf6 22. h4 Nd7 23. Nh3 Qxf3 24. Nxf3 Bc3 25. Re3 Nf6 26. Kg1 Rxe4
27. Rxe4 Nxe4 28. Nhg5 Be2 29. Nxe4 Bxd1 30. Nxd6 Bxb3 31. Ng5 Ra1+ 32. Kh2
f6 33. Ne6 Rd1 34. Bf3 Bxd5 35. Bxd1 Bxe6 0-1

[Event "Bunratty Masters 2020"]
[Site "Bunratty IRL"]
[Date "2020.02.23"]
[Round "5.21"]
[White "Lucchi, Lorenzo"]
[Black "Grochowalski, Pawel"]
[Result "1-0"]
[WhiteElo "2111"]
[BlackElo "2099"]
[WhiteNationality "ITA"]
[BlackNationality "POL"]
[WhiteFideId "821160"]
[BlackFideId "1115197"]
[PlyCount "67"]
[EventDate "2020.02.21"]
[BlackFullName "Grochowalski, Pawe&#322;"]

{ Event information: <a
href="http://www.irlchess.com/bunratty2020_allfiles/pairings_bunratty2020.html">Tournament
report</a>. }

1. e4 c6 2. Nf3 d5 3. Nc3 Bg4 4. d4 e6 5. h3 Bxf3 6. Qxf3 dxe4 7. Qxe4 Nf6
8. Qd3 Be7 9. Bd2 Nbd7 10. g4 Nd5 11. O-O-O Bg5 12. Nxd5 Bxd2+ 13. Rxd2
cxd5 14. f4 Qa5 15. Qb5 Qxb5 16. Bxb5 h5 17. g5 a6 18. Bd3 g6 19. b3 b5 20.
Kb2 Nb6 21. Ra1 Kd7 22. Rdd1 Rhc8 23. Kc1 Ra7 24. Re1 Rcc7 25. Kd2 Kd6 26.
a3 Kd7 27. Ra2 Kd6 28. Re5 Nd7 29. Re3 Nb6 30. Rb2 Rc6 31. Rb1 Rcc7 32. Ra1
Rc6 33. Rae1 Rcc7 $4 34. Bxg6 $1 1-0

[Event "Bunratty Masters 2020"]
[Site "Bunratty IRL"]
[Date "2020.02.23"]
[Round "5.22"]
[White "Wolferink, Frans"]
[Black "Steil-Antoni, Fiona"]
[Result "0-1"]
[BlackTitle "WIM"]
[WhiteElo "2081"]
[BlackElo "2121"]
[WhiteNationality "NED"]
[BlackNationality "LUX"]
[WhiteFideId "1003917"]
[BlackFideId "4001249"]
[PlyCount "94"]
[EventDate "2020.02.21"]

{ Event information: <a
href="http://www.irlchess.com/bunratty2020_allfiles/pairings_bunratty2020.html">Tournament
report</a>. }

1. e4 e5 2. Nf3 Nc6 3. Bc4 Bc5 4. c3 Nf6 5. d3 d6 6. h3 a6 7. Bb3 Ba7 8.
Nbd2 O-O 9. Nf1 d5 10. Qe2 Be6 11. Ng3 dxe4 12. dxe4 Bxb3 13. axb3 Qd7 14.
Bg5 Qe6 15. Qc4 Qxc4 16. bxc4 Nd7 17. Ke2 f6 18. Be3 Bxe3 19. Kxe3 Nc5 20.
Rhd1 Rfd8 21. Rd5 Ne6 22. Ne2 Ne7 23. Rdd1 Kf7 24. b4 Rxd1 25. Rxd1 Rd8 26.
Rxd8 Nxd8 27. Nd2 Ndc6 28. Nb3 b6 29. b5 Nb8 30. bxa6 Nxa6 31. f4 Ke6 32.
fxe5 fxe5 33. Nec1 Nc6 34. Nd3 Na5 35. Nd2 Kd6 36. Nb4 Nc5 37. Nd5 Na4 38.
Kd3 Nb2+ 39. Kc2 Nbxc4 40. Nxc4+ Nxc4 41. Kd3 Nb2+ 42. Ke3 Na4 43. Kd3 c6
44. Nb4 b5 45. g4 g5 46. Kd2 Nc5 47. Ke3 Ne6 0-1

[Event "Bunratty Masters 2020"]
[Site "Bunratty IRL"]
[Date "2020.02.23"]
[Round "5.23"]
[White "Machin, Guillaume"]
[Black "Keogh, Eamon"]
[Result "1/2-1/2"]
[WhiteTitle "CM"]
[BlackTitle "NM"]
[WhiteElo "2159"]
[BlackElo "1958"]
[BlackICU "1885"]
[BlackClub "Kilkenny"]
[WhiteNationality "FRA"]
[BlackNationality "IRL"]
[WhiteFideId "616648"]
[BlackFideId "2500264"]
[PlyCount "61"]
[EventDate "2020.02.21"]

{ Event information: <a
href="http://www.irlchess.com/bunratty2020_allfiles/pairings_bunratty2020.html">Tournament
report</a>. }

1. Nf3 c5 2. b3 Nc6 3. Bb2 d6 4. e3 Nf6 5. d4 cxd4 6. Nxd4 g6 7. Be2 Bg7 8.
O-O Bd7 9. c4 O-O 10. Nc3 Rc8 11. Bf3 Re8 12. Re1 Qa5 13. a3 Qg5 14. Nd5
Ng4 15. Bc1 Qh4 16. Bxg4 Bxg4 17. Qd2 Bd7 18. Bb2 e5 19. Nb5 Bf8 20. a4 Qd8
21. a5 a6 22. Nbc3 Be6 23. Nb6 Nxa5 24. Rxa5 Qxb6 25. Ne4 Be7 26. Ra3 Red8
27. Bc3 d5 28. Ba5 dxe4 29. Qxd8+ Rxd8 30. Bxb6 Rd3 31. c5 1/2-1/2

[Event "Bunratty Masters 2020"]
[Site "Bunratty IRL"]
[Date "2020.02.23"]
[Round "5.25"]
[White "Murphy, Sean J."]
[Black "Fehr, Jukka"]
[Result "1-0"]
[WhiteElo "1976"]
[BlackElo "1976"]
[WhiteICU "1985"]
[WhiteClub "Cork"]
[WhiteNationality "IRL"]
[BlackNationality "FIN"]
[WhiteFideId "2512742"]
[BlackFideId "4674693"]
[PlyCount "53"]
[EventDate "2020.02.21"]
[WhiteFullName "Murphy, Se&aacute;n J."]

{ Event information: <a
href="http://www.irlchess.com/bunratty2020_allfiles/pairings_bunratty2020.html">Tournament
report</a>. }

1. d4 f5 2. Nc3 Nf6 3. Bg5 Ne4 4. Nxe4 fxe4 5. e3 c5 6. d5 Qb6 7. Rb1 Qa5+
8. c3 Qxa2 9. Ne2 b6 10. Bh4 g6 11. Ng3 Bb7 12. c4 Bg7 13. Qc2 Na6 14. Be2
Qa5+ 15. Kf1 O-O 16. Nxe4 Rae8 17. Bg3 Nb4 18. Qd2 Qa2 19. Qc1 Qb3 20. Nc3
Ba6 21. Kg1 Rf7 22. Ra1 Nc2 23. Rxa6 Bxc3 24. bxc3 Ref8 25. Rxa7 d6 26. Bd1
Qxc3 27. Bxc2 1-0

[Event "Bunratty Masters 2020"]
[Site "Bunratty IRL"]
[Date "2020.02.23"]
[Round "5.26"]
[White "Van Empel, Fred"]
[Black "Kennedy, John P. A."]
[Result "0-1"]
[WhiteElo "2042"]
[BlackElo "2041"]
[BlackICU "1991"]
[BlackClub "Dublin"]
[WhiteNationality "NED"]
[BlackNationality "IRL"]
[WhiteFideId "1040863"]
[BlackFideId "2501120"]
[PlyCount "84"]
[EventDate "2020.02.21"]
[WhiteFullName "van Empel, Fred"]

{ Event information: <a
href="http://www.irlchess.com/bunratty2020_allfiles/pairings_bunratty2020.html">Tournament
report</a>. }

1. d4 d5 2. Nf3 e6 3. Nc3 Nf6 4. Bg5 Be7 5. Bxf6 Bxf6 6. e4 O-O 7. e5 Be7
8. Bd3 h6 9. Ne2 c5 10. c3 Nd7 11. Nf4 cxd4 12. cxd4 Qa5+ 13. Kf1 b6 14.
Qe2 b5 15. h4 Qb6 16. g4 f6 17. Ng6 Rf7 18. g5 fxe5 19. dxe5 h5 20. Nxe7+
Rxe7 21. b4 Bb7 22. g6 Rf8 23. Re1 Rf4 24. Rh2 Rxb4 25. Ng5 Rg4 26. Qe3 b4
27. Qxb6 Nxb6 28. Be2 Rf4 29. Bxh5 Nc4 30. Kg2 Rd4 31. Kg3 Rd3+ 32. f3 d4
33. Bg4 Bd5 34. h5 Re3 35. Rxe3 Nxe3 36. h6 gxh6 37. Rxh6 Nxg4 38. Kxg4
Bxa2 39. Nf7 Bb1 40. Rh8+ Kg7 41. Rb8 a5 42. Rd8 Bxg6 0-1

[Event "Bunratty Masters 2020"]
[Site "Bunratty IRL"]
[Date "2020.02.23"]
[Round "6.1"]
[White "Williams, Simon"]
[Black "Short, Nigel"]
[Result "1/2-1/2"]
[WhiteTitle "GM"]
[BlackTitle "GM"]
[WhiteElo "2473"]
[BlackElo "2626"]
[WhiteNationality "ENG"]
[BlackNationality "ENG"]
[WhiteFideId "468533"]
[BlackFideId "400025"]
[PlyCount "93"]
[EventDate "2020.02.21"]

{ Event information: <a
href="http://www.irlchess.com/bunratty2020_allfiles/pairings_bunratty2020.html">Tournament
report</a>. }

1. d4 Nf6 2. Nf3 e6 3. Bg5 b6 4. e3 Bb7 5. Nbd2 c5 6. c3 Be7 7. Bd3 Nc6 8.
a3 d5 9. O-O O-O 10. Qe2 Nd7 11. Bxe7 Qxe7 12. e4 dxe4 13. Qxe4 Nf6 14. Qh4
h6 15. dxc5 Rfd8 16. Bc2 Qxc5 17. Ne4 Qe7 18. Rfe1 Kf8 19. Ng3 Qc7 20. Re3
Rd7 21. Rae1 Qd8 22. Qh3 Kg8 23. b4 a6 24. Bb3 Rd6 25. Nh4 Ne7 26. c4 Rc8
27. Nf3 Ng6 28. Nh5 Nxh5 29. Qxh5 Qf6 30. Qg4 Nf4 31. h4 Rcd8 32. c5 bxc5
33. bxc5 Rd3 34. Kh2 Rxe3 35. Rxe3 Nd3 36. Qc4 Bxf3 37. Rxd3 Rxd3 38. Qxd3
Qxh4+ 39. Kg1 Bc6 40. Qxa6 Qe4 41. Qc8+ Kh7 42. Bc2 Qxc2 43. Qxc6 Qc1+ 44.
Kh2 Qf4+ 45. Kg1 Qc1+ 46. Kh2 Qf4+ 47. Kg1 1/2-1/2

[Event "Bunratty Masters 2020"]
[Site "Bunratty IRL"]
[Date "2020.02.23"]
[Round "6.2"]
[White "Paehtz, Elisabeth"]
[Black "Lalic, Bogdan"]
[Result "1/2-1/2"]
[WhiteTitle "IM"]
[BlackTitle "GM"]
[WhiteElo "2472"]
[BlackElo "2400"]
[WhiteNationality "GER"]
[BlackNationality "CRO"]
[WhiteFideId "4641833"]
[BlackFideId "409081"]
[PlyCount "22"]
[EventDate "2020.02.21"]
[WhiteFullName "P&auml;htz, Elisabeth"]
[BlackFullName "Lali&#263;, Bogdan"]

{ Event information: <a
href="http://www.irlchess.com/bunratty2020_allfiles/pairings_bunratty2020.html">Tournament
report</a>. }

1. d4 Nf6 2. Nf3 g6 3. Bg5 Bg7 4. Nbd2 c5 5. Bxf6 Bxf6 6. Ne4 Bxd4 7. Nxd4
cxd4 8. Qxd4 O-O 9. c4 Nc6 10. Qd2 d6 11. Nc3 Nb8 1/2-1/2

[Event "Bunratty Masters 2020"]
[Site "Bunratty IRL"]
[Date "2020.02.23"]
[Round "6.3"]
[White "Hort, Vlastimil"]
[Black "Arkell, Keith"]
[Result "0-1"]
[WhiteTitle "GM"]
[BlackTitle "GM"]
[WhiteElo "2400"]
[BlackElo "2454"]
[WhiteNationality "GER"]
[BlackNationality "ENG"]
[WhiteFideId "4600029"]
[BlackFideId "400270"]
[PlyCount "166"]
[EventDate "2020.02.21"]

{ Event information: <a
href="http://www.irlchess.com/bunratty2020_allfiles/pairings_bunratty2020.html">Tournament
report</a>. } { Other information: Photo: Game in progress after White's <a
href="../hort-arkell-bunratty-2020.jpg" target="_blank"><span style="color:
blue">move 36</span></a> (via Alexander Baburin's Facebook page). }

1. e4 c6 2. Nc3 d5 3. d4 dxe4 4. Nxe4 Nd7 5. Nf3 Ngf6 6. Nxf6+ Nxf6 7. Bc4
Bf5 8. O-O e6 9. Re1 Bg4 10. c3 Be7 11. h3 Bxf3 12. Qxf3 O-O 13. Bd2 Nd5
14. Rad1 Bg5 15. Bxg5 Qxg5 16. Re5 Qf6 17. Bxd5 cxd5 18. Qxf6 gxf6 19. Re3
b5 20. f4 Rfe8 21. Rde1 Rab8 22. f5 Rb6 23. a3 a5 24. Kf2 Kf8 25. g4 Ke7
26. Kg3 Rg8 27. Kf4 h5 28. Rg3 hxg4 29. h4 b4 30. axb4 axb4 31. Rxg4 Rh8
32. Ra1 bxc3 33. bxc3 Rh5 34. Ra7+ Kd6 35. fxe6 fxe6 36. Kg3 Rh8 37. Rgg7
Rc8 38. Rgd7+ Kc6 39. h5 Rb3 40. h6 Rxc3+ 41. Kf2 Rh3 42. h7 e5 43. Rg7 Rb8
44. Kg2 Rh5 45. Ra6+ Rb6 46. Ra8 Rb2+ 47. Kg3 Rbh2 48. Ra6+ Kb5 49. Rxf6
exd4 50. Rb7+ Kc4 51. Rc6+ Kd3 52. Rcc7 Rc2 53. Rd7 Rc8 54. Kg4 Rh1 55.
Rxd5 Rcc1 56. Rd8 Rcg1+ 57. Kf5 Rh5+ 58. Kf4 Rgh1 59. Rbd7 $2 (59. Rdd7 $10
{ . After the move played, Black is winning, according to the Lomonosov
tablebases, and the evaluation remains unchanged for the rest of the game.
}) 59... R1h4+ 60. Kf3 Rxh7 61. Rd6 Rf7+ 62. Kg3 Re4 63. Ra8 Rg7+ 64. Kf3
Rf7+ 65. Kg3 Rc7 66. Kf3 Re3+ 67. Kf4 Re1 68. Ra3+ Rc3 69. Ra4 Rf1+ 70. Kg4
Rc4 71. Ra2 Kc3 72. Kg3 Rf8 73. Kg2 Kd3 74. Ra3+ Ke4 75. Re6+ Kd5 76. Raa6
Rc2+ 77. Kg3 Rc5 78. Red6+ Ke4 79. Ra4 Rg5+ 80. Kh4 Rd5 81. Re6+ Kf4 82.
Kh3 Kf3 83. Kh4 $4 ({ After } 83. Rh6 { , Black mates in 18 moves with best
play. }) 83... Rh8+ 0-1

[Event "Bunratty Masters 2020"]
[Site "Bunratty IRL"]
[Date "2020.02.23"]
[Round "6.4"]
[White "Brady, Stephen"]
[Black "Fitzsimons, David"]
[Result "0-1"]
[WhiteTitle "FM"]
[BlackTitle "IM"]
[WhiteElo "2288"]
[BlackElo "2328"]
[WhiteICU "2268"]
[BlackICU "2341"]
[WhiteClub "St. Benildus"]
[BlackClub "Elm Mount"]
[WhiteNationality "IRL"]
[BlackNationality "IRL"]
[WhiteFideId "2500124"]
[BlackFideId "2501961"]
[PlyCount "54"]
[EventDate "2020.02.21"]

{ Event information: <a
href="http://www.irlchess.com/bunratty2020_allfiles/pairings_bunratty2020.html">Tournament
report</a>. }

1. e4 c5 2. c3 d5 3. exd5 Qxd5 4. d4 Nc6 5. Nf3 Bg4 6. Be2 cxd4 7. cxd4 e6
8. Nc3 Bb4 9. O-O Qa5 10. a3 Bxc3 11. bxc3 Bxf3 12. Bxf3 Qxc3 13. d5 exd5
14. Rb1 Qf6 15. Bxd5 Nge7 16. Rxb7 Nxd5 17. Qxd5 O-O 18. Bb2 Rad8 19. Qc5
Qd6 20. Qc3 Qg6 21. Qc1 Rb8 22. Rc7 Rb6 23. Qc3 h6 24. h4 Rfb8 25. h5 Qg4
26. Rxc6 Rxb2 27. Qa5 $2 (27. Rc5 $10) 27... Rxf2 $3 (27... Rxf2 28. Rxf2
Rb1+ 29. Rf1 Qd4+ 30. Kh2 Rxf1 $19) 0-1

[Event "Bunratty Masters 2020"]
[Site "Bunratty IRL"]
[Date "2020.02.23"]
[Round "6.5"]
[White "Fromm, Marius"]
[Black "Bates, Richard"]
[Result "0-1"]
[BlackTitle "IM"]
[WhiteElo "2189"]
[BlackElo "2366"]
[WhiteNationality "GER"]
[BlackNationality "ENG"]
[WhiteFideId "12993190"]
[BlackFideId "403555"]
[PlyCount "74"]
[EventDate "2020.02.21"]

{ Event information: <a
href="http://www.irlchess.com/bunratty2020_allfiles/pairings_bunratty2020.html">Tournament
report</a>. }

1. Nf3 Nf6 2. c4 g6 3. Nc3 Bg7 4. g3 O-O 5. Bg2 d6 6. d4 Nc6 7. O-O Bg4 8.
d5 Na5 9. Nd2 c5 10. h3 Bd7 11. e4 e5 12. Qe2 Nh5 13. Kh2 Bh6 14. Rb1 b6
15. a3 Qe7 16. b4 Nb7 17. Nb3 Bxc1 18. Nxc1 Ng7 19. f4 f5 20. Nd3 exf4 21.
Rxf4 Rae8 22. Re1 Nh5 23. Rff1 Qg7 24. Qc2 fxe4 25. Rxf8+ Rxf8 26. Nxe4 Bf5
27. g4 Bxe4 28. Rxe4 Nf6 29. Re1 g5 30. Qd2 cxb4 31. axb4 a5 32. c5 dxc5
33. bxc5 bxc5 34. d6 Nxd6 35. Nxc5 Nc4 36. Bd5+ Kh8 37. Qd4 Nxd5 0-1

[Event "Bunratty Masters 2020"]
[Site "Bunratty IRL"]
[Date "2020.02.23"]
[Round "6.6"]
[White "Turner, Matthew"]
[Black "Kanyamarala, Trisha"]
[Result "1-0"]
[WhiteTitle "GM"]
[BlackTitle "WFM"]
[WhiteElo "2516"]
[BlackElo "2299"]
[BlackICU "2197"]
[BlackClub "Balbriggan"]
[WhiteNationality "SCO"]
[BlackNationality "IRL"]
[WhiteFideId "402893"]
[BlackFideId "45004722"]
[PlyCount "65"]
[EventDate "2020.02.21"]

{ Event information: <a
href="http://www.irlchess.com/bunratty2020_allfiles/pairings_bunratty2020.html">Tournament
report</a>. }

1. d4 Nf6 2. Bg5 e6 3. Nd2 Be7 4. c3 b6 5. e4 Bb7 6. Bd3 d6 7. f4 Nbd7 8.
Ngf3 h6 9. Bxf6 Nxf6 10. Qe2 a6 11. O-O c5 12. a4 Qc7 13. Rae1 O-O 14. Bb1
b5 15. g3 b4 16. e5 Nd5 17. c4 Nb6 18. a5 Nd7 19. d5 exd5 20. cxd5 c4 21.
Nxc4 Qc5+ 22. Ne3 f5 23. Rc1 Qxa5 24. Nxf5 Qb6+ 25. Kg2 Rfe8 26. Qc2 Nf8
27. Qc7 Qb5 28. Nxe7+ Rxe7 29. Qxe7 Bxd5 30. Rce1 Re8 31. Qxd6 Ne6 32. Be4
Rd8 33. Qe7 1-0

[Event "Bunratty Masters 2020"]
[Site "Bunratty IRL"]
[Date "2020.02.23"]
[Round "6.7"]
[White "Lopez, Alex"]
[Black "Shanel, Jaroslav"]
[Result "1-0"]
[WhiteTitle "IM"]
[WhiteElo "2441"]
[BlackElo "2138"]
[WhiteICU "2453"]
[WhiteClub "Cork"]
[WhiteNationality "IRL"]
[BlackNationality "CZE"]
[WhiteFideId "2501430"]
[BlackFideId "318671"]
[PlyCount "35"]
[EventDate "2020.02.21"]

{ Event information: <a
href="http://www.irlchess.com/bunratty2020_allfiles/pairings_bunratty2020.html">Tournament
report</a>. }

1. Nf3 d5 2. g3 c5 3. Bg2 Nf6 4. O-O e6 5. c4 dxc4 6. Na3 Nc6 7. Nxc4 Be7
8. b3 O-O 9. Bb2 Qc7 10. Rc1 Rd8 11. Qc2 b5 12. Nce5 Nb4 13. Qb1 Bb7 14. a3
Nc6 15. Nxf7 Kxf7 16. Ng5+ Ke8 17. Nxe6 Qd6 18. Nxc5 1-0

[Event "Bunratty Masters 2020"]
[Site "Bunratty IRL"]
[Date "2020.02.23"]
[Round "6.9"]
[White "Rawlinson, Aidan"]
[Black "Heidenfeld, Mark"]
[Result "1/2-1/2"]
[BlackTitle "IM"]
[WhiteElo "2181"]
[BlackElo "2361"]
[BlackICU "2297"]
[BlackClub "Kilkenny"]
[WhiteNationality "ENG"]
[BlackNationality "IRL"]
[WhiteFideId "413496"]
[BlackFideId "2500990"]
[PlyCount "25"]
[EventDate "2020.02.21"]

{ Event information: <a
href="http://www.irlchess.com/bunratty2020_allfiles/pairings_bunratty2020.html">Tournament
report</a>. }

1. d4 e6 2. c4 f5 3. g3 Nf6 4. Bg2 Be7 5. Nf3 O-O 6. O-O d6 7. Nc3 Qe8 8.
b3 Nbd7 9. Bb2 Qh5 10. Re1 Ne4 11. Nd2 Nxc3 12. Bxc3 e5 13. e4 1/2-1/2

[Event "Bunratty Masters 2020"]
[Site "Bunratty IRL"]
[Date "2020.02.23"]
[Round "6.10"]
[White "Lange, Jannis"]
[Black "Li, Henry"]
[Result "0-1"]
[BlackTitle "FM"]
[WhiteElo "2126"]
[BlackElo "2310"]
[BlackICU "2295"]
[BlackClub "Gonzaga"]
[WhiteNationality "GER"]
[BlackNationality "IRL"]
[WhiteFideId "12993107"]
[BlackFideId "2508524"]
[PlyCount "88"]
[EventDate "2020.02.21"]

{ Event information: <a
href="http://www.irlchess.com/bunratty2020_allfiles/pairings_bunratty2020.html">Tournament
report</a>. }

1. e4 e5 2. Nf3 Nc6 3. d4 exd4 4. Bc4 Nf6 5. e5 d5 6. Bb5 Ne4 7. Nxd4 Bc5
8. Be3 O-O 9. Nxc6 bxc6 10. Bxc5 Nxc5 11. Bxc6 Rb8 12. Qxd5 Qxd5 13. Bxd5
Rxb2 14. Na3 Be6 15. Bb3 Rd8 16. O-O Nxb3 17. axb3 Bf5 18. Rfc1 Kf8 19. Kf1
Ke7 20. Ke2 Rd5 21. Ke3 g5 22. f3 Kd7 23. g3 Kc6 24. g4 Bg6 25. h4 h6 26.
h5 Bh7 27. Nc4 Rxc2 28. Rxc2 Bxc2 29. Rc1 Bh7 30. Nd6+ Kd7 31. Nxf7 c6 32.
Nxh6 Rxe5+ 33. Kf2 a5 34. Nf7 Rb5 35. Re1 Bg8 36. Ne5+ Kd6 37. Nc4+ Kc5 38.
Rc1 Kb4 39. Nd2 c5 40. Ke3 Rb8 41. Ne4 Re8 42. Kd2 Bxb3 43. Nxc5 a4 44.
Nd3+ Kb5 0-1

[Event "Bunratty Masters 2020"]
[Site "Bunratty IRL"]
[Date "2020.02.23"]
[Round "6.11"]
[White "O'Connor, Jonathan"]
[Black "Kanyamarala, Tarun"]
[Result "0-1"]
[BlackTitle "FM"]
[WhiteElo "2161"]
[BlackElo "2349"]
[WhiteICU "2110"]
[BlackICU "2275"]
[WhiteClub "Dublin"]
[BlackClub "Balbriggan"]
[WhiteNationality "IRL"]
[BlackNationality "IRL"]
[WhiteFideId "2501112"]
[BlackFideId "45004714"]
[PlyCount "40"]
[EventDate "2020.02.21"]

{ Event information: <a
href="http://www.irlchess.com/bunratty2020_allfiles/pairings_bunratty2020.html">Tournament
report</a>. }

1. d4 Nf6 2. Nf3 e6 3. g3 d5 4. Bg2 b5 5. a4 b4 6. c4 bxc3 7. bxc3 Bb7 8.
Nbd2 Nbd7 9. O-O c5 10. c4 Be7 11. Re1 O-O 12. Bb2 Rc8 13. cxd5 Nxd5 14.
Qb3 Ba6 15. Rac1 Rb8 16. Qa2 Qa5 17. Qa1 Rb4 18. dxc5 Rxa4 19. Qb1 Nxc5 20.
Ne5 Qxd2 0-1

[Event "Bunratty Masters 2020"]
[Site "Bunratty IRL"]
[Date "2020.02.23"]
[Round "6.12"]
[White "Baker, Chris W."]
[Black "Lucchi, Lorenzo"]
[Result "1/2-1/2"]
[WhiteTitle "IM"]
[WhiteElo "2234"]
[BlackElo "2111"]
[WhiteNationality "ENG"]
[BlackNationality "ITA"]
[WhiteFideId "401676"]
[BlackFideId "821160"]
[PlyCount "83"]
[EventDate "2020.02.21"]

{ Event information: <a
href="http://www.irlchess.com/bunratty2020_allfiles/pairings_bunratty2020.html">Tournament
report</a>. }

1. d4 Nf6 2. Nc3 d5 3. Bf4 g6 4. Qd2 Bg7 5. O-O-O O-O 6. Bh6 c5 7. Bxg7
Kxg7 8. e3 Nc6 9. f3 c4 10. g4 b5 11. g5 Nh5 12. e4 e5 13. dxe5 d4 14. Nxb5
c3 15. Nxc3 dxc3 16. Qxc3 Qxg5+ 17. Kb1 Be6 18. Qxc6 Rfd8 19. Bd3 Rac8 20.
Qa4 Qg2 21. Ne2 Rxd3 22. cxd3 Qxe2 23. Rhe1 Qxh2 24. d4 Rc4 25. Qb5 Qc2+
26. Ka1 Nf4 27. Qb3 Ng2 28. Qxc2 Rxc2 29. Rg1 Ne3 30. Rc1 Bc4 31. d5 Rd2
32. Rc3 Bf1 33. b3 Rd1+ 34. Kb2 Bg2 35. Rc1 Rd3 36. Rc7 Kf8 37. Rgc1 h5 38.
e6 fxe6 39. dxe6 h4 40. Rh7 Rd2+ 41. Kb1 Rd1 42. Rxh4 1/2-1/2

[Event "Bunratty Masters 2020"]
[Site "Bunratty IRL"]
[Date "2020.02.23"]
[Round "6.13"]
[White "Fox, Anthony"]
[Black "Wall, Tim"]
[Result "1/2-1/2"]
[BlackTitle "FM"]
[WhiteElo "2001"]
[BlackElo "2201"]
[WhiteICU "1968"]
[WhiteClub "Dun Laoghaire"]
[WhiteNationality "IRL"]
[BlackNationality "ENG"]
[WhiteFideId "2500736"]
[BlackFideId "401641"]
[PlyCount "98"]
[EventDate "2020.02.21"]

{ Event information: <a
href="http://www.irlchess.com/bunratty2020_allfiles/pairings_bunratty2020.html">Tournament
report</a>. }

1. e4 e5 2. Nf3 Nc6 3. Bb5 a6 4. Ba4 d6 5. c3 f5 6. exf5 Bxf5 7. Bxc6+ bxc6
8. d4 e4 9. Qe2 Qe7 10. Nfd2 Nf6 11. O-O Bg4 12. f3 exf3 13. Qxe7+ Bxe7 14.
Nxf3 O-O 15. Nbd2 Nd5 16. Nc4 Rf7 17. Bd2 Raf8 18. Ng5 Rf5 19. Rxf5 Bxf5
20. Re1 h6 21. Ne4 Bg5 22. g3 Bd8 23. Nf2 Kf7 24. Na5 Bd7 25. Nc4 g5 26.
Ne3 Nf6 27. c4 Re8 28. Ned1 Be6 29. b3 Be7 30. Ba5 Bd8 31. Nc3 Bf5 32. Rxe8
Kxe8 33. h3 Kd7 34. Kg2 Be7 35. g4 Bc2 36. Kf3 Bf8 37. Nfd1 Bg7 38. Ne3 Bg6
39. Nf5 Bxf5 40. gxf5 Ng8 41. Ne2 Nf6 42. Bd2 d5 43. Be3 Ne4 44. Ng3 Nf6
45. c5 Ke7 46. a3 Kf7 47. b4 Ke7 48. a4 Kd7 49. Ne2 Ke7 1/2-1/2